| 000 | 00738cab a2200277 4500 | ||
|---|---|---|---|
| 001 | X600 | ||
| 008 | 090401t1993 xxu||||| |||| 00| 0 eng d | ||
| 035 | _a(Sirsi) u66489 | ||
| 041 | _aeng | ||
| 245 | _aEarly payment of the sub-contractors | ||
| 260 | _c1993 | ||
| 350 | _a0 | ||
| 490 |
_aCSW - The Property Week _v43(3) 15 April 1993, 47(1) |
||
| 650 | _aBUILT ENVIRONMENT-BUILDING CONTRACT FORMS | ||
| 650 | _aCONTRCTORS | ||
| 650 | _aEMPLOYERS | ||
| 650 | _aGC/WORKS/1 | ||
| 650 | _aJCT 80 | ||
| 650 | _aJCT MANAGEMENT CONTRACT 1987 | ||
| 650 | _aPAYMENT | ||
| 650 | _aPROFESSIONAL BRIEFING | ||
| 650 | _aSUBCONTRACTORS | ||
| 690 | _aBUILT ENVIRONMENT-BUILDING CONTRACT FORMS | ||
| 942 | _n0 | ||
| 948 | _c04/03/1997 | ||
| 999 |
_c41539 _d41539 |
||